000 00504nam a2200169Ia 4500
003 OSt
005 20200612120439.0
008 190216s9999||||xx |||||||||||||| ||und||
020 _a9788174352880
040 _coclc
082 _a181.07
_bSHA/H
100 _aSharif, M M
_92833
245 0 _aA History Of Muslim Philosophy Vol 1 /
_cM M Sharif
260 _bAdam Publishers & Distributors,
_c2012.
_aNew Delhi:
300 _a787p
942 _cBK
_2ddc
_h181.07
_iSHA/H
_k181.07
_mSHA/H
999 _c23138
_d23138